[Event "SVK-chT5 SE-SI 1617"]
[Site "Slovakia"]
[Date "2016.12.10"]
[Round "4.1"]
[White "Antalek, Rudolf"]
[Black "Cambal, Peter"]
[Result "1-0"]
[WhiteElo "1725"]
[BlackElo "1473"]
[PlyCount "23"]
[EventDate "2016.10.15"]
[EventType "team-tourn"]
[EventRounds "9"]
[EventCountry "SVK"]
[SourceTitle "EXT 2018"]
[Source "ChessBase"]
[SourceDate "2017.10.13"]
[SourceVersion "1"]
[SourceVersionDate "2017.10.13"]
[SourceQuality "1"]
[WhiteTeam "Skalica III"]
[BlackTeam "Holic III"]
[WhiteTeamCountry "SVK"]
[BlackTeamCountry "SVK"]

1. e4 c5 2. Nc3 d6 3. d3 g6 4. g3 Bg7 5. Bg2 Nf6 6. Be3 Qc7 7. f4 e6 8. Nf3 0-0 9. 0-0 Bd7 10. h3 b5 11. Qd2 b4 12. Ne2 1-0

[Event "SVK-chT3A2 1617"]
[Site "Slovakia"]
[Date "2016.10.30"]
[Round "2.5"]
[White "Antalek, Rudolf"]
[Black "Kubis, Ivan"]
[Result "1-0"]
[WhiteElo "1698"]
[BlackElo "1938"]
[PlyCount "53"]
[EventDate "2016.10.16"]
[EventType "team-tourn"]
[EventRounds "11"]
[EventCountry "SVK"]
[SourceTitle "EXT 2020"]
[Source "ChessBase"]
[SourceDate "2019.10.17"]
[SourceVersion "1"]
[SourceVersionDate "2019.10.17"]
[SourceQuality "1"]
[WhiteTeam "Skalica II"]
[BlackTeam "Gbely Nafta"]
[WhiteTeamCountry "SVK"]
[BlackTeamCountry "SVK"]

1. e4 e5 2. Nf3 Nc6 3. Bb5 a6 4. Ba4 Nf6 5. 0-0 b5 6. Bb3 Be7 7. Re1 0-0 8. c3 d5 9. exd5 Nxd5 10. Nxe5 Nxe5 11. Rxe5 c6 12. d4 Bd6 13. Rh5 Re8 14. Bg5 Qd7 15. Nd2 Nf4 16. Rh4 Ng6 17. Rxh7 Kxh7 18. Qh5+ Kg8 19. Qxg6 Qf5 20. Qxd6 Qxg5 21. Qxc6 Bg4 22. Ne4 Qe7 23. Re1 Kh8 24. Qd5 f5 25. f3 Bh5 26. Qxf5 Qh4 27. g3 1-0

[Event "SVK-chT2A 1617"]
[Site "Slovakia"]
[Date "2016.10.08"]
[Round "1.8"]
[White "Briestenska, Andrea"]
[Black "Antalek, Rudolf"]
[Result "1-0"]
[WhiteElo "1993"]
[BlackElo "1692"]
[PlyCount "33"]
[EventDate "2016.10.08"]
[EventType "team-tourn"]
[EventRounds "11"]
[EventCountry "SVK"]
[SourceTitle "CBM 175 Extra"]
[Source "ChessBase"]
[SourceDate "2016.12.12"]
[SourceVersion "1"]
[SourceVersionDate "2016.12.12"]
[SourceQuality "1"]
[WhiteTeam "Bratislava Slovan V"]
[BlackTeam "Skalica"]
[WhiteTeamCountry "SVK"]
[BlackTeamCountry "SVK"]

1. f4 d5 2. Nf3 Nc6 3. e3 Bg4 4. Bb5 a6 5. Bxc6+ bxc6 6. b3 Nf6 7. Bb2 g6 8. h3 Bxf3 9. Qxf3 Bg7 10. 0-0 0-0 11. d3 Nd7 12. Bxg7 Kxg7 13. Nd2 e5 14. e4 d4 15. f5 Qe7 16. Nc4 Nb6 17. f6+ 1-0

[Event "SVK-chT3A2 1516"]
[Site "Slovakia"]
[Date "2016.01.31"]
[Round "7.6"]
[White "Dobis, Pavol"]
[Black "Antalek, Rudolf"]
[Result "0-1"]
[WhiteElo "1737"]
[BlackElo "1700"]
[PlyCount "38"]
[EventDate "2015.10.11"]
[EventType "team-tourn"]
[EventRounds "11"]
[EventCountry "SVK"]
[SourceTitle "EXT 2020"]
[Source "ChessBase"]
[SourceDate "2019.10.17"]
[SourceVersion "1"]
[SourceVersionDate "2019.10.17"]
[SourceQuality "1"]
[WhiteTeam "Modranka Komplet"]
[BlackTeam "Skalica II"]
[WhiteTeamCountry "SVK"]
[BlackTeamCountry "SVK"]

1. d4 d6 2. c4 f5 3. e3 Nf6 4. Nf3 g6 5. Nc3 Bg7 6. Bd2 0-0 7. Bd3 Qe8 8. 0-0 e5 9. dxe5 dxe5 10. Bc2 c6 11. Na4 Na6 12. b4 Bd7 13. Bb3 Kh8 14. Bc2 Rd8 15. Qb1 h6 16. Bc3 e4 17. Qb2 exf3 18. Bxf6 Bxf6 19. Qxf6+ Rxf6 0-1

[Event "SVK-chT2A 1516"]
[Site "Slovakia"]
[Date "2015.12.06"]
[Round "6.7"]
[White "Antalek, Rudolf"]
[Black "Puchart, Vladimir"]
[Result "0-1"]
[WhiteElo "1684"]
[BlackElo "2031"]
[PlyCount "54"]
[EventDate "2015.10.17"]
[EventType "team-tourn"]
[EventRounds "11"]
[EventCountry "SVK"]
[SourceTitle "CBM 169 Extra"]
[Source "ChessBase"]
[SourceDate "2015.12.18"]
[SourceVersion "1"]
[SourceVersionDate "2015.12.18"]
[SourceQuality "1"]
[WhiteTeam "Skalica"]
[BlackTeam "Trnava Lokomotiva II"]
[WhiteTeamCountry "SVK"]
[BlackTeamCountry "SVK"]

1. e4 c5 2. Nc3 Nc6 3. g3 g6 4. Bg2 Bg7 5. d3 Rb8 6. Be3 Nd4 7. Nce2 d6 8. c3 Nxe2 9. Nxe2 Nf6 10. h3 0-0 11. 0-0 b5 12. Qd2 Bb7 13. f4 a5 14. f5 c4 15. g4 cxd3 16. Qxd3 Nd7 17. Bd4 Ne5 18. Qg3 b4 19. Nf4 a4 20. Nd5 Bxd5 21. exd5 a3 22. cxb4 Rxb4 23. Bc3 axb2 24. Rab1 Qb6+ 25. Rf2 Rc8 26. Rbxb2 Rxc3 27. Qxc3 Rxb2 0-1

[Event "SVK-chT4A21 1415"]
[Site "Slovakia"]
[Date "2015.03.15"]
[Round "11.4"]
[White "Antalek, Rudolf"]
[Black "Blanarik, Dominik"]
[Result "1-0"]
[WhiteElo "1532"]
[BlackElo "1555"]
[PlyCount "57"]
[EventDate "2014.10.12"]
[EventType "team-tourn"]
[EventRounds "11"]
[EventCountry "SVK"]
[SourceTitle "EXT 2022"]
[Source "ChessBase"]
[SourceDate "2021.10.06"]
[SourceVersion "1"]
[SourceVersionDate "2021.10.06"]
[SourceQuality "1"]
[WhiteTeam "Skalica III"]
[BlackTeam "Kopcany"]
[WhiteTeamCountry "SVK"]
[BlackTeamCountry "SVK"]

1. e4 d6 2. d4 Nf6 3. Nc3 g6 4. f4 Bg7 5. Nf3 Bg4 6. h3 Bxf3 7. Qxf3 Nc6 8. Be3 Qd7 9. 0-0-0 Nb4 10. Be2 0-0 11. g4 e6 12. h4 a5 13. h5 a4 14. hxg6 fxg6 15. Qh3 Kf7 16. g5 Ne8 17. Bc4 c6 18. f5 d5 19. fxe6+ Qxe6 20. exd5 cxd5 21. Rdf1+ Ke7 22. Qxe6+ Kxe6 23. Rxf8 Bxf8 24. Bb5 Nd6 25. a3 Nc6 26. Rxh7 Nxb5 27. Nxb5 Rb8 28. Nc7+ Kd6 29. Bf4+ 1-0

[Event "SVK-ch U14"]
[Site "Stara Lubovna"]
[Date "2014.04.12"]
[Round "9"]
[White "Bugar, Peter"]
[Black "Antalek, Rudolf"]
[Result "1-0"]
[WhiteElo "1597"]
[BlackElo "1552"]
[PlyCount "143"]
[EventDate "2014.04.05"]
[EventType "swiss"]
[EventRounds "9"]
[EventCountry "SVK"]
[SourceTitle "EXT 2016"]
[Source "ChessBase"]
[SourceDate "2015.10.08"]
[SourceVersion "1"]
[SourceVersionDate "2015.10.08"]
[SourceQuality "1"]

1. e4 e5 2. Nf3 Nc6 3. Bb5 a6 4. Ba4 Nf6 5. d3 d6 6. Bxc6+ bxc6 7. 0-0 Bg4 8. b3 Be7 9. Bb2 Qd7 10. Re1 Nh5 11. d4 f6 12. Qd3 Nf4 13. Qe3 0-0 14. Nfd2 Rf7 15. f3 Be6 16. Qc3 Raf8 17. Nc4 Kh8 18. Na5 Rg8 19. Qxc6 Qc8 20. d5 Bd7 21. Qb7 Qxb7 22. Nxb7 g5 23. Bc1 g4 24. Bxf4 exf4 25. Kf2 Rfg7 26. fxg4 Rxg4 27. Rg1 f5 28. Nd2 Bf6 29. Rad1 Bd4+ 30. Kf3 Bxg1 31. Rxg1 fxe4+ 32. Nxe4 R4g6 33. Na5 Bf5 34. Nc3 Bxc2 35. Nc6 Rf6 36. Ne2 Rgf8 37. Ned4 Bg6 38. Ne6 R8f7 39. Ncd8 Rd7 40. Rc1 Bf5 41. Rxc7 Bxe6 42. Nxe6 Rxc7 43. Nxc7 a5 44. Ne6 Kg8 45. Nxf4 Kf7 46. g4 Kg7 47. Ke4 Rf7 48. h4 h6 49. Ne6+ Kh7 50. g5 Kg6 51. Nf4+ Kg7 52. g6 Rb7 53. Kf5 Rb5 54. Nh5+ Kg8 55. Ke6 Rb4 56. Kf6 Rxh4 57. Ng3 Rf4+ 58. Nf5 h5 59. Kg5 Rf2 60. a3 Rf3 61. b4 a4 62. b5 Rxa3 63. Kh6 Rf3 64. Ne7+ Kf8 65. g7+ Kxe7 66. g8Q a3 67. Qe6+ Kd8 68. Qxd6+ Ke8 69. Qe5+ Kd7 70. Qxh5 a2 71. Qg4+ Kc7 72. Qc4+ 1-0

[Event "SVK-ch U14"]
[Site "Stara Lubovna"]
[Date "2014.04.11"]
[Round "8"]
[White "Antalek, Rudolf"]
[Black "Gazik, Viktor"]
[Result "0-1"]
[WhiteElo "1552"]
[BlackElo "2160"]
[PlyCount "32"]
[EventDate "2014.04.05"]
[EventType "swiss"]
[EventRounds "9"]
[EventCountry "SVK"]
[SourceTitle "EXT 2016"]
[Source "ChessBase"]
[SourceDate "2015.10.08"]
[SourceVersion "1"]
[SourceVersionDate "2015.10.08"]
[SourceQuality "1"]

1. e4 c5 2. Nf3 Nc6 3. d4 cxd4 4. Nxd4 g6 5. Be3 Bg7 6. Nc3 Nf6 7. f3 0-0 8. Qd2 d5 9. exd5 Nxd5 10. Nxd5 Qxd5 11. Nxc6 Qxc6 12. 0-0-0 Be6 13. Kb1 Rac8 14. h4 Qa4 15. a3 Ba2+ 16. Kc1 Qb3 0-1

[Event "SVK-ch U14"]
[Site "Stara Lubovna"]
[Date "2014.04.09"]
[Round "6"]
[White "Antalek, Rudolf"]
[Black "Ondo, Tomas"]
[Result "1-0"]
[WhiteElo "1552"]
[BlackElo "1600"]
[PlyCount "87"]
[EventDate "2014.04.05"]
[EventType "swiss"]
[EventRounds "9"]
[EventCountry "SVK"]
[SourceTitle "EXT 2016"]
[Source "ChessBase"]
[SourceDate "2015.10.08"]
[SourceVersion "1"]
[SourceVersionDate "2015.10.08"]
[SourceQuality "1"]

1. e4 e5 2. Nf3 Nc6 3. Bc4 Nf6 4. d4 exd4 5. 0-0 Bc5 6. e5 Ng8 7. c3 d5 8. Bb3 Nge7 9. cxd4 Bb6 10. Re1 Bg4 11. Be3 Bxf3 12. gxf3 Nf5 13. Nc3 Bxd4 14. Bxd4 Ncxd4 15. Bxd5 c6 16. Be4 Qe7 17. Qd3 Qe6 18. Rad1 g6 19. Ne2 Nxe2+ 20. Rxe2 0-0 21. Bxf5 gxf5 22. Kh1 Kh8 23. Ree1 Rab8 24. Qd6 Rfe8 25. f4 Rf8 26. Rg1 Rg8 27. Rxg8+ Rxg8 28. Qxe6 fxe6 29. f3 Rg7 30. Rd8+ Rg8 31. Rd7 Rg7 32. Rd6 Re7 33. Kg2 Kg7 34. Kf2 Kf7 35. Ke3 Rc7 36. b4 Ke7 37. Kd4 Kf7 38. a4 Ke7 39. a5 Kf7 40. Kc5 a6 41. Kb6 Re7 42. Rd8 Kg7 43. Rb8 Kh6 44. Rxb7 1-0

[Event "SVK-ch U14"]
[Site "Stara Lubovna"]
[Date "2014.04.06"]
[Round "2"]
[White "Antalek, Rudolf"]
[Black "Lintner, Igor"]
[Result "0-1"]
[WhiteElo "1552"]
[BlackElo "1860"]
[PlyCount "80"]
[EventDate "2014.04.05"]
[EventType "swiss"]
[EventRounds "9"]
[EventCountry "SVK"]
[SourceTitle "EXT 2016"]
[Source "ChessBase"]
[SourceDate "2015.10.08"]
[SourceVersion "1"]
[SourceVersionDate "2015.10.08"]
[SourceQuality "1"]

1. e4 c5 2. Bc4 Nc6 3. c3 e6 4. Qe2 a6 5. Bb3 Be7 6. d3 Qc7 7. Nf3 Nf6 8. 0-0 0-0 9. Nbd2 b5 10. Re1 Bb7 11. Nf1 Na5 12. Bc2 d5 13. e5 Nd7 14. Ng3 Rac8 15. Ng5 h6 16. d4 Bxg5 17. Bxg5 hxg5 18. Qh5 f5 19. Qxg5 Qd8 20. Qh5 Qe8 21. Qg5 cxd4 22. Nh5 g6 23. g4 Kh7 24. Nf4 Rg8 25. Rad1 Qd8 26. Nxe6 Qxg5 27. Nxg5+ Kg7 28. Rxd4 Rce8 29. Nf3 Nc6 30. Rxd5 Ncxe5 31. Rdxe5 Nxe5 32. Nxe5 fxg4 33. Kf1 Re6 34. Nxg4 Bg2+ 35. Kxg2 Rxe1 36. Bb3 Rd8 37. c4 bxc4 38. Bxc4 Rd4 39. Ne3 Rxe3 40. fxe3 Rxc4 0-1

[Event "SVK-chT4A21 1314"]
[Site "Slovakia"]
[Date "2014.02.23"]
[Round "9.5"]
[White "Antalek, Rudolf"]
[Black "Ulehla, Jakub"]
[Result "1/2-1/2"]
[WhiteElo "1533"]
[BlackElo "1111"]
[PlyCount "69"]
[EventDate "2013.10.06"]
[EventType "team-tourn"]
[EventRounds "11"]
[EventCountry "SVK"]
[SourceTitle "EXT 2022"]
[Source "ChessBase"]
[SourceDate "2021.10.06"]
[SourceVersion "1"]
[SourceVersionDate "2021.10.06"]
[SourceQuality "1"]
[WhiteTeam "Skalica III"]
[BlackTeam "Senica CVC II"]
[WhiteTeamCountry "SVK"]
[BlackTeamCountry "SVK"]

1. e4 e5 2. Nf3 Nc6 3. Bc4 Nf6 4. d3 Bc5 5. Bg5 d6 6. Nbd2 Be6 7. Bxe6 fxe6 8. 0-0 Qd7 9. Re1 0-0-0 10. a3 h6 11. Bxf6 gxf6 12. b4 Bb6 13. Qb1 Rdg8 14. Qb3 f5 15. a4 a5 16. Nc4 Nxb4 17. Nxb6+ cxb6 18. c3 Nxd3 19. Red1 Nc5 20. Qxb6 Nxe4 21. Rab1 Qg7 22. g3 Qc7 23. Qe3 Kb8 24. Rb3 Nc5 25. Rb5 f4 26. Qd2 fxg3 27. fxg3 e4 28. Qxd6 exf3 29. Rxc5 Qxd6 30. Rxd6 Re8 31. Rxa5 e5 32. Rb5 e4 33. Rd7 e3 34. Rbxb7+ Ka8 35. Ra7+ 1/2-1/2

[Event "SVK-ch U14"]
[Site "Lubovna"]
[Date "2013.04.11"]
[Round "7"]
[White "Kriska, Michael"]
[Black "Antalek, Rudolf"]
[Result "0-1"]
[WhiteElo "1000"]
[BlackElo "1176"]
[PlyCount "48"]
[EventDate "2013.04.06"]
[EventType "swiss"]
[EventRounds "9"]
[EventCountry "SVK"]
[SourceTitle "CBM 153 Extra"]
[Source "ChessBase"]
[SourceDate "2013.04.22"]
[SourceVersion "1"]
[SourceVersionDate "2013.04.22"]
[SourceQuality "1"]

1. e4 e5 2. Nf3 Nc6 3. Bc4 Nf6 4. Ng5 Bc5 5. Bxf7+ Ke7 6. Bb3 Qe8 7. d3 h6 8. Nf3 d6 9. h3 Qg6 10. Rg1 Be6 11. Bxe6 Kxe6 12. Nbd2 Kd7 13. Nh4 Qf7 14. Ndf3 Rad8 15. Qe2 Kc8 16. Be3 Bxe3 17. fxe3 d5 18. exd5 Nxd5 19. e4 Nf4 20. Qd2 Rhf8 21. b3 Kb8 22. 0-0-0 Ne7 23. Nxe5 Qf6 24. Nef3 Qa1# 0-1